| 000 | 00616nam a2200241 a 4500 | ||
|---|---|---|---|
| 003 | AR-BaBNM | ||
| 005 | 20251128202829.0 | ||
| 008 | 082120s2002 ||||||||||||||000 | spa|| | ||
| 040 | _cAR-BaBNM | ||
| 100 | 1 | _aVillafuerte, Carlos | |
| 245 | 0 | 0 |
_aVoces y costumbres de Catamarca _bl-z _n2 |
| 260 |
_aBuenos Aires _bAcademia Argentina de Letras _c1961 |
||
| 300 | _a417 p. | ||
| 650 | 4 | _aVOCABULARIO | |
| 650 | 4 | _aCOSTUMBRES Y TRADICIONES | |
| 650 | 4 | _aLEXICO | |
| 650 | 4 | _aFILOLOGIA | |
| 650 | 4 | _aINVESTIGACION LINGÜISTICA | |
| 650 | 4 | _aDICCIONARIOS | |
| 651 | 4 | _aCatamarca | |
| 942 | _cBK | ||
| 998 | _cisola | ||
| 999 |
_c777 _d777 |
||